Compresion de imagenes estaticas mediante la utilizacion de la transformada discreta wavelet

সংরক্ষণ করুন:
গ্রন্থ-পঞ্জীর বিবরন
প্রধান লেখক: Acuna Cordoba,Andres Alonso
বিন্যাস: গবেষণাপত্র গ্রন্থ
ভাষা:Undetermined
প্রকাশিত: 2001
বিষয়গুলি:
ট্যাগগুলো: ট্যাগ যুক্ত করুন
কোনো ট্যাগ নেই, প্রথমজন হিসাবে ট্যাগ করুন!

MARC

LEADER 00000nam a2200000Ia 4500
001 8873
008 140114s9999 xx 000 0 und d
100 |a Acuna Cordoba,Andres Alonso 
245 |a Compresion de imagenes estaticas mediante la utilizacion de la transformada discreta wavelet 
260 |c 2001 
500 |a NULL 
502 |a Escuela de ingenieria Electrica 
650 |z IMAGENES ESTATICAS 
999 |c 12554  |d 12554